Welcome to CU Library Online Public Access Catalogue (OPAC)

Intimate relationships, marriages, and families / (Record no. 3025)

MARC details
000 -LEADER
fixed length control field 00577cam a2200193 a 4500
001 - CONTROL NUMBER
control field 3086305
005 - DATE AND TIME OF LATEST TRANSACTION
control field 20250124132512.0
008 - FIXED-LENGTH DATA ELEMENTS--GENERAL INFORMATION
fixed length control field 980223s1999 caua b 001 0 eng
020 ## - INTERNATIONAL STANDARD BOOK NUMBER
International Standard Book Number 0767402111
050 00 - LIBRARY OF CONGRESS CALL NUMBER
Classification number HQ10.5.U6
Item number R53 1999
082 00 - DEWEY DECIMAL CLASSIFICATION NUMBER
Classification number 306.8
Edition information 21
100 1# - MAIN ENTRY--PERSONAL NAME
Personal name Rice, F. Philip.
245 10 - TITLE STATEMENT
Title Intimate relationships, marriages, and families /
Statement of responsibility, etc. F. Philip Rice.
250 ## - EDITION STATEMENT
Edition statement 4th ed.
260 ## - PUBLICATION, DISTRIBUTION, ETC.
Place of publication, distribution, etc. Mountain View, CA :
Name of publisher, distributor, etc. Mayfield Pub. Co.,
Date of publication, distribution, etc. c1999.
300 ## - PHYSICAL DESCRIPTION
Extent xxiii, 680 p. :
Other physical details ill. ;
Dimensions 24 cm.
650 #0 - SUBJECT ADDED ENTRY--TOPICAL TERM
Topical term or geographic name entry element Family life education
Geographic subdivision United States.
942 ## - ADDED ENTRY ELEMENTS (KOHA)
Source of classification or shelving scheme Library of Congress Classification
Koha item type Books
Suppress in OPAC No
999 ## -
-- 3025
-- 3025
Holdings
Withdrawn status Lost status Source of classification or shelving scheme Damaged status Not for loan Collection Home library Current library Shelving location Date acquired Total checkouts Full call number Barcode Date last seen Copy number Price effective from Koha item type
    Library of Congress Classification     Non-fiction Business Library (Miotso) Business Library (Miotso) General stacks 03/11/2026   HQ10.5 RIC BSSM00002681 03/12/2026 3 03/11/2026 Books
    Library of Congress Classification     Non-fiction Undergraduate Library (Christ Temple) Undergraduate Library (Christ Temple) General stacks 01/24/2025   HQ10.5 RIC ulct00000921 01/24/2025 1 01/24/2025 Books
    Library of Congress Classification     Non-fiction Undergraduate Library (Christ Temple) Undergraduate Library (Christ Temple) General stacks 01/24/2025   HQ10.5 RIC ulct00000922 01/24/2025 2 01/24/2025 Books
© 2023-2024 Copyright: Central University Libraries. All Rights Reserved | Created by: Mahone Tech Office